Metáforas en uso

Salvato in:
Dettagli Bibliografici
Autore principale: Di Stefano, Mariana (Autore)
Natura: Libro
Lingua:spagnolo
Pubblicazione: Buenos Aires Biblos 2006
Edizione:1a. ed
Serie:Ciencias del Lenguaje
Soggetti:
Tags: Aggiungi Tag
Nessun Tag, puoi essere il primo ad aggiungerne!!

MARC

LEADER 00000nam a2200000 a 4500
001 UCJ0296
003 CL-VaPUC
008 060714e20060000AG |||||||||||||||||spa|d
020 |a 9507865233 
082 0 4 |a 401.41  |b DIS  |2 21 
100 0 |a Di Stefano, Mariana  |e author  |9 500343 
245 1 0 |a Metáforas en uso 
250 |a 1a. ed 
300 |a 158 p 
942 |c BK 
945 |d 20060714 00:00:00  |a cmena 
260 |a Buenos Aires  |b Biblos  |c 2006 
650 0 |a Semiología  |9 317916 
650 0 |a Análisis del discurso  |9 256696 
650 0 |a Metáforas  |9 372647 
650 0 |a Retórica   |9 266620 
650 0 |a Estilos literarios  |9 310538 
583 |a last modification  |c 20130305 03:35:00  |k Rodrigo Vera 
490 0 |a Ciencias del Lenguaje 
999 |c 317162  |d 317160